00325nam a2200121Ia 4500003000400000008004100004020002500045040000800070100003100078245004500109260003900154300001000193LDD181101s9999 xx 000 0 und d a9788175875029c72.00 cLDD aHaali, Khwaja Altaf Husain 0aHayat-e-saadicKhwaja Altaf Husain Haali aNew DelhibMktaba Jamia Ltd.c2011 a256p.